Basic econometrics / (Record no. 347960)
[ view plain ]
| 000 -LEADER | |
|---|---|
| fixed length control field | 01018 a2200169 4500 |
| 020 ## - INTERNATIONAL STANDARD BOOK NUMBER | |
| International Standard Book Number | 0072335424 (hardcover) |
| 020 ## - INTERNATIONAL STANDARD BOOK NUMBER | |
| International Standard Book Number | 9780072335422 (hardcover) |
| 090 ## - LOCALLY ASSIGNED LC-TYPE CALL NUMBER (OCLC); LOCAL CALL NUMBER (RLIN) | |
| -- | 5556 |
| -- | 5556 |
| 100 1# - MAIN ENTRY--PERSONAL NAME | |
| Personal name | Gujarati, Damodar N. |
| 245 10 - TITLE STATEMENT | |
| Title | Basic econometrics / |
| Statement of responsibility, etc. | Damodar N. Gujarati. |
| 250 ## - EDITION STATEMENT | |
| Edition statement | 5th ed. |
| 260 ## - PUBLICATION, DISTRIBUTION, ETC. | |
| Place of publication, distribution, etc. | [S.l.] : |
| Name of publisher, distributor, etc. | McGraw-Hill Companies, |
| Date of publication, distribution, etc. | 2003. |
| 300 ## - PHYSICAL DESCRIPTION | |
| Extent | 1002 p. ; |
| Dimensions | 24 cm. |
| 520 ## - SUMMARY, ETC. | |
| Summary, etc. | This is a thorough revision of the best-selling undergraduate Econometrics text.Accessible, complete, and student-oriented, Basic Econometrics is appropriate for first courses in Econometrics at all four-year colleges and universities.In addition to a first-rate text, students have access to the SHAZY student version of SHAZAM, an inexpensive version of a widely used econometrics package, as well as data sets (free on adoption to instructors) for problem and example material in the text. |
| 856 40 - ELECTRONIC LOCATION AND ACCESS | |
| Materials specified | Amazon.com |
| Uniform Resource Identifier | <a href="http://www.amazon.com/exec/obidos/ASIN/0072335424/chopaconline-20">http://www.amazon.com/exec/obidos/ASIN/0072335424/chopaconline-20</a> |
| 942 ## - ADDED ENTRY ELEMENTS (KOHA) | |
| Institution code [OBSOLETE] | NBS |
| Koha item type | Book |
| Call number prefix | 330.015195 GUJ |
| Withdrawn status | Lost status | Damaged status | Not for loan | Permanent Location | Current Location | Date acquired | Total Checkouts | Full call number | Barcode | Checked out | Date last seen | Date last checked out | Price effective from | Koha item type | Source of classification or shelving scheme | Public note |
|---|---|---|---|---|---|---|---|---|---|---|---|---|---|---|---|---|
| Central Library (CL) | Central Library (CL) | 08/28/2013 | 2 | 330.015195 GUJ | NBS7781 | 01/31/2019 | 10/03/2018 | 10/03/2018 | 08/28/2013 | Book | ||||||
| Central Library (CL) | Central Library (CL) | 08/28/2013 | 3 | 330.015195 GUJ | NBS7782 | 01/31/2019 | 10/03/2018 | 10/03/2018 | 08/28/2013 | Book | ||||||
| Write Off | Central Library (CL) | Central Library (CL) | 02/23/2021 | 330.015195 GUJ | NBS7783 | 02/23/2021 | 02/23/2021 | Book | Write off File No.0908/IRC/NBS Dated Aug 16, 2018 |
